Números de 1 a 45 em 20 segundos - Statistics

Estatísticas Gerais
  • Esse quiz foi jogado 647 vezes
  • A pontuação média é 30 de 45
Estatísticas das Respostas
Resposta % Correto
1
100%
2
99%
3
98%
4
98%
5
97%
6
96%
7
96%
8
95%
9
94%
10
92%
11
92%
12
92%
13
90%
14
88%
15
87%
16
84%
17
83%
18
83%
19
83%
20
81%
21
81%
22
75%
23
75%
24
72%
25
72%
26
70%
27
67%
28
64%
29
64%
30
57%
31
55%
32
54%
34
47%
33
45%
35
42%
36
40%
37
39%
38
37%
39
34%
40
27%
41
27%
42
22%
43
20%
45
18%
44
16%
Nenhum quiz correspondente encontrado
Distribuição das Pontuações
Porcentagem de Pessoas com Cada Pontuação
Percentil de Números Respondidos
Sua Pontuação Histórica
Você não jogou esse quiz